000
00222pam a2200109 a 4500
020
_c
041
_a
eng
245
_a
Barry Pen
_h
Textual Documents
260
_a
[s.l]:
_b
George G Harraps
300
_a
254p.
930
_a
15236
999
_c
92136
_d
92136